Modernity as Experience and Interpretation : (Record no. 607884)

MARC details
000 -LEADER
fixed length control field 00497nam a2200193 a 4500
008 - FIXED-LENGTH DATA ELEMENTS--GENERAL INFORMATION
fixed length control field 260108s2008##################000#0#eng##
020 ## - INTERNATIONAL STANDARD BOOK NUMBER
ISBN 9780745642192
082 04 - DEWEY DECIMAL CLASSIFICATION NUMBER
Classification number 301
Item number WAG
100 1# - MAIN ENTRY--AUTHOR NAME
Personal name Wagner, Peter,
245 10 - TITLE STATEMENT
Title Modernity as Experience and Interpretation :
260 ## - PUBLICATION, DISTRIBUTION, ETC. (IMPRINT)
Name of publisher Polity,
Year of publication 2008.
300 ## - PHYSICAL DESCRIPTION
Number of Pages 319 pages
650 #0 - SUBJECT ADDED ENTRY--TOPICAL TERM
Topical Term History.
942 ## - ADDED ENTRY ELEMENTS (KOHA)
Koha item type English Books
Holdings
Withdrawn status Lost status Damaged status Not for loan Home library Current library Shelving location Date acquired Full call number Accession Number Price effective from Koha item type
        Anna Centenary Library Anna Centenary Library 3RD FLOOR, B WING 08.01.2026 301 WAG 133021 08.01.2026 English Books

Find us on the map